000 00329nam a2200133Ia 4500
008 230519s9999 xx 000 0 und d
041 _aeng
082 _aX/891/JOS/DB0663
100 _aJoshi Leela
_9180453
245 _aSavitri
260 _bMajestic Prakashan
_aMumbai
_c2016
300 _a408p
999 _c159366
_d159366